Pasaje a la India / (Record no. 96340)

MARC details
000 -LEADER
campo de control de longitud fija 01332nam a2200325 i 4500
003 - IDENTIFICADOR DE NÚMERO DE CONTROL
campo de control BJBSDDR
005 - FECHA Y HORA DE LA ÚLTIMA TRANSACCIÓN
campo de control 20230410143132.0
007 - CAMPO FIJO DE DESCRIPCIÓN FÍSICA--INFORMACIÓN GENERAL
campo de control de longitud fija ta
008 - DATOS DE LONGITUD FIJA--INFORMACIÓN GENERAL
campo de control de longitud fija 170620s1985 sp 000 0 spa d
020 ## - NÚMERO INTERNACIONAL ESTÁNDAR DEL LIBRO
Número Internacional Estándar del Libro 8420630683
040 ## - FUENTE DE CATALOGACIÓN
Lengua de catalogación spa
Centro/agencia transcriptor BJBSDDR
041 ## - CÓDIGO DE IDIOMA
Código de lengua del texto/banda sonora o título independiente spa
050 14 - SIGNATURA TOPOGRÁFICA DE LA BIBLIOTECA DEL CONGRESO
Número de clasificación PR 6011
Número de ítem F733p 1985
082 ## - NÚMERO DE LA CLASIFICACIÓN DECIMAL DEWEY
Número de clasificación 823.91
100 1# - ENTRADA PRINCIPAL--NOMBRE DE PERSONA
Nombre de persona Forster, E. M.
Fechas asociadas al nombre 1879-1970
Forma completa/desarrollada del nombre (Edward Morgan),
240 12 - TÍTULO UNIFORME
Título uniforme A passage to India.
Lenguaje de la obra Español
245 10 - MENCIÓN DEL TÍTULO
Título Pasaje a la India /
Mención de responsabilidad, etc. E. M. Forster ; traducción José Luis López Muñoz
260 ## - PUBLICACIÓN, DISTRIBUCIÓN, ETC.
Lugar de publicación, distribución, etc. Madrid :
Nombre del editor, distribuidor, etc. Alianza Editorial,
Fecha de publicación, distribución, etc. 1985
300 ## - DESCRIPCIÓN FÍSICA
Extensión 407 p.:
Otras características físicas ill.;
Dimensiones 20 cm
490 1# - MENCIÓN DE SERIE
Mención de serie Alianza tres ;
Designación de volumen o secuencia 68
500 ## - NOTA GENERAL
Nota general Translation of: A passage to India.
520 ## - RESUMEN, ETC.
Sumario, etc. En 1912, a raíz de un breve viaje a la india, E. M. FORSTER (1879-1970) comienza a escribir la novela que le lanzaría a la fama literaria. Doce años después, y tras una estancia de seis meses en aquel país como secretario del Maharajáde Dewar, concluye la narración que, por alusión al poema de Walt Whitman, titula PASAJE A LA INDIA.
650 #0 - PUNTO DE ACCESO ADICIONAL DE MATERIA--TÉRMINO DE MATERIA
Término de materia o nombre geográfico como elemento de entrada Spanish fiction.
650 #4 - PUNTO DE ACCESO ADICIONAL DE MATERIA--TÉRMINO DE MATERIA
Término de materia o nombre geográfico como elemento de entrada Novela inglesa
9 (RLIN) 1944
651 #4 - PUNTO DE ACCESO ADICIONAL DE MATERIA--NOMBRE GEOGRÁFICO
9 (RLIN) 5380
Nombre geográfico India
Subdivisión general Vida social y costumbres
Subdivisión de forma Novela
700 1# - ENTRADA AGREGADA--NOMBRE PERSONAL
Nombre de persona López Muñoz, José Luis,
Fechas asociadas al nombre 1934-
Término indicativo de función/relación traductor
9 (RLIN) 5383
830 ## - PUNTO DE ACCESO ADICIONAL DE SERIE-TÍTULO UNIFORME
9 (RLIN) 5382
Título uniforme Alianza tres (Madrid) ;
942 ## - ELEMENTOS DE ENTRADA SECUNDARIOS (KOHA)
Fuente del sistema de clasificación o colocación Clasificación de Library of Congress
Tipo de ítem Koha Libro
946 ## - PROCESAMIENTO DE INFORMACIÓN LOCAL (OCLC)
a dpf
Holdings
Estatus retirado Estado de pérdida Estado de daño No para préstamo Colección Biblioteca de origen Biblioteca actual Ubicación en estantería Fecha de adquisición Signatura topográfica completa Código de barras Visto por última vez Copia número Tipo de ítem Koha
        Humanidades Biblioteca Juan Bosch Biblioteca Juan Bosch Humanidades (4to. Piso) 10/04/2023 PR 6011 F733p 1985 00000117225 21/01/2019 1 Libro